Busiest Non-Capital City Airports - Statistics

General Stats
  • This quiz has been taken 1,074 times
  • The average score is 17 of 20
Answer Stats
Rank Country City % Correct
2. UAE Dubai
97%
10. Germany Frankfurt
97%
3. USA Los Angeles
97%
7. China Shanghai
97%
9. Turkey Istanbul
95%
12. USA New York
95%
1. USA Atlanta
94%
5. USA Chicago
94%
20. Germany Munich
94%
6. USA Dallas
93%
14. USA Miami
92%
4. China Hong Kong
90%
15. USA San Francisco
90%
19. Brazil Sao Paulo
88%
8. China Guangzhou
83%
11. USA Denver
81%
13. USA Phoenix
66%
17. USA Las Vegas
65%
16. USA Charlotte
59%
18. China Chengdu
56%
No matching quizzes found
Score Distribution
Percent of People with Each Score
Percentile by Number Answered
Your Score History
You have not taken this quiz